Claims, disputes and arbitration clauses under FIDIC Red and Gold Books (Record no. 84858)
[ view plain ]
| 000 -LEADER | |
|---|---|
| fixed length control field | 01402cab a22002535a 4500 |
| 001 - CONTROL NUMBER | |
| control field | L159271 |
| 008 - FIXED-LENGTH DATA ELEMENTS--GENERAL INFORMATION | |
| fixed length control field | 110718s2016 xxk f g 000 0 eng d |
| 035 ## - SYSTEM CONTROL NUMBER | |
| System control number | (Sirsi) u159271 |
| 041 0# - LANGUAGE CODE | |
| Language code of text/sound track or separate title | eng |
| 100 1# - MAIN ENTRY--PERSONAL NAME | |
| Personal name | Naguib, R.I. |
| 245 00 - TITLE STATEMENT | |
| Title | Claims, disputes and arbitration clauses under FIDIC Red and Gold Books |
| 260 ## - PUBLICATION, DISTRIBUTION, ETC. | |
| Date of publication, distribution, etc. | 2016 |
| 490 ## - SERIES STATEMENT | |
| Series statement | International Construction Law Review |
| Volume/sequential designation | 33 (2) April 2016, 111-122(12) |
| 520 ## - SUMMARY, ETC. | |
| Summary, etc. | Highlights and investigates the advantages and disadvantages of the changes introduced by the FIDIC Gold Book in relation to claims. The article poses a number of outstanding questions and draws particular attention to the new powers of the Dispute Adjudication Board (DAB) in relation to claims under the Gold Book. It concludes with recommendations for those considering drafting amendments to the Red Book and the Gold Book. |
| 650 24 - SUBJECT ADDED ENTRY--TOPICAL TERM | |
| Topical term or geographic name entry element | NOTIFICATION OF CLAIM |
| 650 24 - SUBJECT ADDED ENTRY--TOPICAL TERM | |
| Topical term or geographic name entry element | BUILT ENVIRONMENT-BUILDING CONTRACT FORMS-STANDARD FORMS OF BUILDING CONTRACT-INTERNATIONAL FEDERATION OF CONSULTING ENGINEERS CONTRACTS |
| 650 24 - SUBJECT ADDED ENTRY--TOPICAL TERM | |
| Topical term or geographic name entry element | OBRASCON HUARTE LAIN SA V ATTORNEY GENERAL FOR GIBRALTAR |
| 650 24 - SUBJECT ADDED ENTRY--TOPICAL TERM | |
| Topical term or geographic name entry element | FIDIC CONDITIONS OF CONTRACT FOR CONSTRUCTION FOR BUILDING AND ENGINEERING WORKS DESIGNED BY THE EMPLOYER (1999 EDITION) |
| 650 24 - SUBJECT ADDED ENTRY--TOPICAL TERM | |
| Topical term or geographic name entry element | FIDIC GOLD BOOK |
| 651 #4 - SUBJECT ADDED ENTRY--GEOGRAPHIC NAME | |
| Geographic name | International |
| 690 ## - LOCAL SUBJECT ADDED ENTRY--TOPICAL TERM (OCLC, RLIN) | |
| Topical term or geographic name as entry element | Contracts |
| 9 (RLIN) | 6232 |
| 690 ## - LOCAL SUBJECT ADDED ENTRY--TOPICAL TERM (OCLC, RLIN) | |
| Topical term or geographic name as entry element | Dispute resolution |
| 9 (RLIN) | 6236 |
| 942 ## - ADDED ENTRY ELEMENTS (KOHA) | |
| Suppress in OPAC | 0 |
| Withdrawn status | Lost status | Source of classification or shelving scheme | Damaged status | Not for loan | Home library | Current library | Shelving location | Date acquired | Total Checkouts | Full call number | Barcode | Date last seen | Copy number | Price effective from | Koha item type |
|---|---|---|---|---|---|---|---|---|---|---|---|---|---|---|---|
| Dewey Decimal Classification | London | London | Journal article | 21/04/2016 | L159271 | 159271-1001 | 06/08/2019 | 1 | 06/08/2019 | Journal article |